[Event "Let's Play Chess!"]
[Site "http://www.queenalice.com/game.php?id=952242"]
[Date "2011.6.23"]
[Round "-"]
[White "rotwein"]
[Black "anmarton"]
[Result "1-0"]
[WhiteElo "2065"]
[BlackElo "2063"]

1. d4 f6 2. e4 g6 3. h4 h5 4. Bd3 e6 5. Nh3 b6 6. Nf4 Ne7 7. g4 e5 8. dxe5 fxe5
9. Nd5 Nxd5 10. exd5 Qf6 11. g5 Qf7 12. Rh3 1-0

[Event "Let's Play Chess!"]
[Site "http://www.queenalice.com/game.php?id=952243"]
[Date "2011.6.23"]
[Round "-"]
[White "rotwein"]
[Black "anmarton"]
[Result "1-0"]
[WhiteElo "2081"]
[BlackElo "2047"]

1. d4 b5 2. e4 Bb7 3. f3 a6 4. Be3 g6 5. Qd2 Bg7 6. Nc3 e6 7. Bd3 Ne7 8. Nge2
O-O 9. Bh6 b4 10. Nd1 a5 11. h4 d6 12. h5 1-0

[Event "Let's Play Chess!"]
[Site "http://www.queenalice.com/game.php?id=952244"]
[Date "2011.6.23"]
[Round "-"]
[White "rotwein"]
[Black "anmarton"]
[Result "1-0"]
[WhiteElo "2096"]
[BlackElo "2032"]

1. d4 Nf6 2. c4 c5 3. d5 e5 4. Nc3 d6 5. g3 Be7 6. Bg2 O-O 7. Nf3 Ne8 8. O-O f5
9. e4 h6 10. exf5 Bxf5 11. Be3 a6 12. Nd2 1-0

[Event "GAME 01"]
[Site "http://www.queenalice.com/game.php?id=953082"]
[Date "2011.6.25"]
[Round "-"]
[White "anmarton"]
[Black "kudabux"]
[Result "0-1"]
[WhiteElo "1996"]
[BlackElo "2200"]

1. e4 c5 2. Nf3 d6 3. d4 cxd4 4. Nxd4 Nf6 5. Nc3 a6 6. Bc4 e6 7. a4 Be7 8. O-O
O-O 9. Be3 Qc7 10. Bb3 Nc6 11. f4 Bd7 12. Qe2 Nxd4 13. Bxd4 e5 14. fxe5 dxe5 15.
Be3 Be6 16. Nd5 Bxd5 0-1

[Event "GAME 02"]
[Site "http://www.queenalice.com/game.php?id=953083"]
[Date "2011.6.23"]
[Round "-"]
[White "Whoami"]
[Black "anmarton"]
[Result "1-0"]
[WhiteElo "2107"]
[BlackElo "2093"]

1. c4 d5 2. g3 e5 3. Bg2 Nf6 4. cxd5 Nxd5 5. Qb3 Nb6 6. Nc3 Be6 7. Qb5+ N8d7 8.
Bxb7 Bc5 9. Nf3 O-O 10. Bxa8 Qxa8 11. d3 f5 12. O-O e4 13. dxe4 fxe4 14. Ng5 Bc4
15. Qa5 Rf5 16. Be3 g6 17. Bxc5 Rxc5 18. Qxc5 Nxc5 19. b3 Ba6 20. b4 Ncd7 21.
Ngxe4 Bxe2 22. Rfe1 Bf3 23. Re3 1-0

[Event "GAME 03"]
[Site "http://www.queenalice.com/game.php?id=953084"]
[Date "2011.6.25"]
[Round "-"]
[White "anmarton"]
[Black "FERREIRA16"]
[Result "1-0"]
[WhiteElo "2162"]
[BlackElo "2067"]

1. e4 g6 2. d4 Bg7 3. c3 d6 4. f4 Nf6 5. Bd3 O-O 6. h3 Nbd7 7. Nf3 c5 8. d5 a6
9. O-O b5 10. Be3 c4 11. Bc2 Bb7 12. Nbd2 a5 13. a4 Ba6 14. Nd4 bxa4 15. Nc6 Qe8
16. Bxa4 e6 17. Bd4 Bb7 18. Nxc4 Bxc6 19. dxc6 Nxe4 20. cxd7 Qb8 21. Bxg7 Kxg7
22. Qd4+ Nf6 23. Nxd6 1-0

[Event "GAME 04"]
[Site "http://www.queenalice.com/game.php?id=953085"]
[Date "2011.6.24"]
[Round "-"]
[White "anmarton"]
[Black "dnptrs"]
[Result "0-1"]
[WhiteElo "2019"]
[BlackElo "2220"]

1. e4 c5 2. d4 cxd4 3. c3 d5 4. exd5 Qxd5 5. Qxd4 Qxd4 6. cxd4 Bd7 7. Nf3 Nf6 8.
Nc3 e6 9. a3 a6 10. Bf4 Be7 11. Bc4 O-O 12. O-O Rc8 13. Bb3 Nc6 14. d5 exd5 15.
Nxd5 Bc5 16. Nxf6+ gxf6 17. Rad1 Bg4 18. Rd3 Rd8 19. Rfd1 Rxd3 20. Rxd3 Rd8 21.
Ne1 Re8 22. Be3 Bd4 23. Nc2 Bxb2 24. Bd5 Rd8 25. Bb6 Rd7 26. f3 Bf5 27. Rb3 Rxd5
28. Ne3 Rb5 29. Rxb5 axb5 30. Nxf5 Bxa3 31. Ne3 Bc1 32. Nc2 b4 33. Na1 Bf4 34.
Nb3 Bb8 35. Kf2 Kf8 36. h3 Ba7 37. Bxa7 Nxa7 38. Ke3 Nc6 39. Nc5 b5 40. Ke4 Ke7
41. Kd5 Na5 42. Kd4 f5 43. Nd3 b3 44. Kc3 h5 45. Kb4 Nc4 0-1

[Event "Let's Play Chess!"]
[Site "http://www.queenalice.com/game.php?id=953152"]
[Date "2011.6.23"]
[Round "-"]
[White "P17"]
[Black "anmarton"]
[Result "1-0"]
[WhiteElo "2108"]
[BlackElo "2107"]

1. f4 e5 2. fxe5 d6 3. exd6 Bxd6 4. Nf3 Nc6 5. Nc3 Bg4 6. e4 Nd4 7. Be2 Bxf3 8.
Bxf3 Qh4+ 9. Kf1 O-O-O 10. d3 h5 11. Be3 c5 12. Nd5 Nf6 13. Nxf6 Qxf6 14. c3 Nc6
15. d4 cxd4 16. cxd4 Bf4 17. Bxf4 Qxf4 18. d5 Kb8 19. Qc1 1-0

[Event "Let's Play Chess!"]
[Site "http://www.queenalice.com/game.php?id=953327"]
[Date "2011.6.27"]
[Round "-"]
[White "dnptrs"]
[Black "anmarton"]
[Result "1-0"]
[WhiteElo "2109"]
[BlackElo "2145"]

1. d4 Nf6 2. Nf3 c5 3. e3 d5 4. Be2 Nc6 5. O-O e6 6. c4 cxd4 7. exd4 Bd6 8. Nc3
O-O 9. b3 dxc4 10. bxc4 b6 11. Bg5 h6 12. Bh4 Bb7 13. Rc1 Rc8 14. d5 Na5 15. Nb5
Bf4 16. Nxa7 Ra8 17. Nb5 Bxc1 18. Qxc1 Rc8 19. Ne5 exd5 20. Ng4 dxc4 21. Nxf6+
gxf6 22. Qxh6 Rc6 23. Qf4 Re8 24. Nd4 Rd6 25. Nf5 Ree6 26. Bh5 Kf8 27. Bg3 Rd3
28. Qg4 Qd5 29. Qg7+ Ke8 30. Qxf7+ Kd8 31. Qc7# 1-0

[Event "Let's Play Chess!"]
[Site "http://www.queenalice.com/game.php?id=954008"]
[Date "2011.6.27"]
[Round "-"]
[White "anmarton"]
[Black "dnptrs"]
[Result "1-0"]
[WhiteElo "2150"]
[BlackElo "2144"]

1. e4 c5 2. Nf3 e6 3. d4 cxd4 4. Nxd4 Nf6 5. Nc3 d6 6. Bc4 a6 7. a4 Nc6 8. Be3
Nxd4 9. Bxd4 b6 10. O-O Bb7 11. Qe2 Be7 12. f4 O-O 13. Rad1 Nd7 14. Rf3 Qc7 15.
Rh3 g6 16. Ba2 Qc6 17. Qg4 e5 18. Nd5 Bd8 19. f5 exd4 20. fxg6 hxg6 21. Ne7+ 1-0

[Event "Let's Play Chess!"]
[Site "http://www.queenalice.com/game.php?id=954292"]
[Date "2011.6.27"]
[Round "-"]
[White "dnptrs"]
[Black "anmarton"]
[Result "1-0"]
[WhiteElo "2122"]
[BlackElo "2132"]

1. d4 Nf6 2. Nf3 d6 3. g3 g6 4. Bg2 Bg7 5. O-O O-O 6. c4 c6 7. b3 Na6 8. Bb2 h6
9. Re1 Be6 10. Nbd2 Qd7 11. Nf1 Bh3 12. Bh1 Ne4 13. N1d2 f5 14. Nxe4 fxe4 15.
Nh4 d5 16. Nxg6 Rf7 17. Qd2 Nc7 18. cxd5 cxd5 19. f4 Qg4 20. Ne5 Bxe5 21. dxe5
e6 22. Bg2 Raf8 23. e3 h5 24. Qe2 Qf5 25. Bxh3 Qxh3 26. Qg2 Qf5 27. Kf2 Na6 28.
Ba3 Rc8 29. Kg1 1-0

[Event "Let's Play Chess!"]
[Site "http://www.queenalice.com/game.php?id=1819266"]
[Date "2023.8.23"]
[Round "-"]
[White "The_knight"]
[Black "anmarton"]
[Result "1-0"]
[WhiteElo "2082"]
[BlackElo "1955"]

1. d4 e6 2. e4 g5 3. Nc3 Bg7 4. h4 gxh4 5. e5 d6 6. Qg4 Bf8 7. Bg5 Be7 8. Bxh4
Kf8 9. Nf3 Bxh4 10. Rxh4 Ne7 11. Bd3 Ke8 12. Ne4 Kd7 13. Nf6+ Kc6 14. exd6 cxd6
15. Ng5 Nf5 16. d5+ exd5 17. Qa4+ 1-0

[Event "Let's Play Chess!"]
[Site "http://www.queenalice.com/game.php?id=1819267"]
[Date "2023.8.23"]
[Round "-"]
[White "The_knight"]
[Black "anmarton"]
[Result "0-1"]
[WhiteElo "2105"]
[BlackElo "1944"]

1. g3 d5 2. Nf3 g6 3. Bg2 Bg7 4. d4 Nf6 5. c4 c6 6. cxd5 cxd5 7. Nc3 O-O 8. Ne5
e6 9. O-O Bd7 10. Qb3 b6 11. e4 Bc6 12. Bg5 Qd6 13. Bxf6 Bxf6 14. exd5 exd5 15.
Nxd5 Bg7 16. Rac1 Kh8 17. Rfe1 b5 18. Nf4 Bxg2 19. Nxf7+ Rxf7 0-1

[Event "Let's Play Chess!"]
[Site "http://www.queenalice.com/game.php?id=1819268"]
[Date "2023.8.23"]
[Round "-"]
[White "The_knight"]
[Black "anmarton"]
[Result "1-0"]
[WhiteElo "2070"]
[BlackElo "1967"]

1. d4 b5 2. e4 Bb7 3. Nd2 a6 4. a4 b4 5. Bd3 g6 6. Ngf3 Bg7 7. h4 h5 8. O-O Nf6
9. e5 Ng4 10. Nb3 a5 11. Ng5 d6 12. e6 f5 13. Nf7 Qc8 14. Nxh8 Qxe6 15. Re1 Qf6
16. Bg5 1-0

[Event "Let's Play Chess!"]
[Site "http://www.queenalice.com/game.php?id=1819271"]
[Date "2023.8.23"]
[Round "-"]
[White "anmarton"]
[Black "The_knight"]
[Result "1-0"]
[WhiteElo "1966"]
[BlackElo "2084"]

1. e3 Nf6 2. c4 e6 3. b3 c5 4. Bb2 Be7 5. Nf3 O-O 6. g3 d5 7. Bg2 Nc6 8. O-O d4
9. exd4 cxd4 10. d3 e5 11. Re1 Qc7 12. Nbd2 Re8 13. a3 a5 14. Ng5 Bg4 15. Qc2
Rad8 16. Nge4 Nd7 17. Nf1 f5 18. Ned2 Bh5 19. Rab1 1-0

[Event "Let's Play Chess!"]
[Site "http://www.queenalice.com/game.php?id=1819272"]
[Date "2023.8.23"]
[Round "-"]
[White "anmarton"]
[Black "The_knight"]
[Result "1-0"]
[WhiteElo "1987"]
[BlackElo "2063"]

1. d4 Nf6 2. e3 b6 3. Nf3 e6 4. g3 d5 5. Bg2 Nbd7 6. O-O Ba6 7. Re1 Be7 8. b3
O-O 9. Bb2 c5 10. Nbd2 Rc8 11. Rc1 c4 12. bxc4 dxc4 13. c3 b5 14. e4 Qa5 15. Ra1
b4 16. Qc2 Nb6 17. Nf1 Na4 18. Rec1 bxc3 19. Bxc3 1-0

[Event "Challenge 01"]
[Site "http://www.queenalice.com/game.php?id=1821221"]
[Date "2023.9.20"]
[Round "-"]
[White "anmarton"]
[Black "mario48"]
[Result "1/2-1/2"]
[WhiteElo "2006"]
[BlackElo "2164"]

1. d4 d5 2. c4 dxc4 3. Nc3 e5 4. d5 c6 5. e4 b5 6. dxc6 Qxd1+ 7. Kxd1 Nxc6 8.
Nxb5 Bg4+ 9. f3 O-O-O+ 10. Ke1 Be6 11. a3 Bc5 12. Bd2 a6 13. Nc3 Nd4 14. Rc1 Nb3
15. Rc2 Nxd2 16. Rxd2 Nf6 17. g4 Rxd2 18. Kxd2 Rd8+ 19. Kc2 h6 20. Nge2 g6 21.
Bg2 g5 22. Rd1 Rxd1 23. Kxd1 h5 24. h3 h4 25. Bf1 Kc7 26. Kc2 Kc6 27. Nc1 a5 28.
Nb1 Be3 29. Nd2 Bxd2 30. Kxd2 Kc5 31. Ne2 Ne8 32. Nc3 Nc7 33. Be2 f6 34. Ke3 Bd7
35. Bd1 Be6 36. Be2 Bd7 37. Bd1 Ne6 38. Be2 Nf4 39. Bf1 Bc6 40. Nb1 Ba4 41. Kd2
Kd4 42. Nc3 Bc6 43. Ne2+ Nxe2 44. Bxe2 Ba4 45. Bf1 Bb3 46. Be2 Ba4 47. Bf1 Bb3
48. Be2 Ba4 49. Bf1 Bb3 50. Be2 1/2-1/2

[Event "Challenge"]
[Site "http://www.queenalice.com/game.php?id=1821222"]
[Date "2023.9.20"]
[Round "-"]
[White "mario48"]
[Black "anmarton"]
[Result "1-0"]
[WhiteElo "2159"]
[BlackElo "2012"]

1. e4 c5 2. Nf3 d6 3. Bb5+ Bd7 4. Nc3 Nc6 5. O-O e5 6. d3 Nf6 7. Bg5 Be7 8. Bc4
O-O 9. Bxf6 Bxf6 10. Nd5 Be6 11. c3 a6 12. a4 Rb8 13. Ne3 b5 14. axb5 axb5 15.
Bxe6 fxe6 16. Qb3 Qd7 17. Ra6 b4 18. Qa4 Rfc8 19. Nc4 Rc7 20. Ra1 bxc3 21. bxc3
h6 22. h4 Kh7 23. h5 Rbb7 24. Nb6 Qe8 25. Nc4 Qd7 26. Nb6 Qe8 27. Nc4 Qd7 28.
Nb6 Qe8 29. Nd5 exd5 30. exd5 Ra7 31. dxc6 Rxa6 32. Qe4+ Kg8 33. Rxa6 Qxh5 34.
Ra8+ Kf7 35. Qd5+ Ke7 36. Qg8 Qf7 37. Qb8 Ke6 38. Nd2 Qe7 39. Qh8 Kd5 40. c4+
Kxc6 41. Qb8 Kd7 42. Qb5+ Ke6 43. Re8 Qxe8 44. Qxe8+ Re7 45. Qc8+ Rd7 46. Ne4
Bd8 47. Qa8 Ke7 48. Qd5 1-0